| 000 | 00611nam a2200217Ia 4500 | ||
|---|---|---|---|
| 008 | 101110s9999 xx 000 0 und d | ||
| 041 | _aENGLISH | ||
| 082 | _bSR28784 | ||
| 100 | _aTripathi H.L. | ||
| 245 | _aDevelopment issues of indian economy TYBCom, SMS series | ||
| 260 |
_c2006 _bSeth Pub. Pvt Ltd, Mumbai |
||
| 300 | _a211 | ||
| 365 | _b70 | ||
| 520 | _aCommerce | ||
| 546 | _aENGLISH | ||
| 630 | _aDevelopment issues of indian economy TYBCom, SMS series | ||
| 650 | _aCommerce | ||
| 655 | _aCommerce | ||
| 730 | _aDevelopment issues of indian economy TYBCom, SMS series | ||
| 942 | _cBOOK | ||
| 999 |
_c821309 _d821306 |
||